| 000 | 00536nam a22001817a 4500 | ||
|---|---|---|---|
| 003 | NUST - PNEC | ||
| 005 | 20170116181205.0 | ||
| 008 | 160308b xxu||||| |||| 00| 0 eng d | ||
| 020 | _a8120308425 | ||
| 040 | _cLIBRARY | ||
| 082 | _a629.892 KLA | ||
| 100 |
_916715 _a Klafter, Richard David |
||
| 245 |
_a Robotic engineering : an integrated approach _cRichard D. Klafter |
||
| 260 |
_aNew Delhi _bPrentice Hall of India Private Limited _cc.2001 |
||
| 300 | _a744 p. : | ||
| 650 |
_916716 _aRobotics _xMS Control |
||
| 942 |
_2ddc _cBK |
||
| 999 |
_c71613 _d71613 |
||